| 000 | 00904namaa22002171 4500 | ||
|---|---|---|---|
| 001 | 174203 | ||
| 003 | ES-MaACL | ||
| 005 | 20250815105911.0 | ||
| 008 | 100303s1935 sp r |||| | lat d | ||
| 080 | _a581.9(861) | ||
| 100 | 1 |
_aCuatrecasas, José. _9142304 |
|
| 245 | 1 | 0 |
_aPlantae novae colombianae : _bseries altera / _cpor José Cuatrecasas. |
| 260 |
_aMadrid : _bJunta para Ampliación de Estudios e Investigaciones Científicas, _c1935. |
||
| 300 |
_a46 p. : _bil. ; _c24 cm. |
||
| 490 | 1 |
_aTrabajos del Museo Nacional de Ciencias Naturales y Jardín Botánico. Serie Botánica ; _v29 |
|
| 650 | 4 |
_aFlora- _zColombia. _912900 |
|
| 710 | 2 |
_aJunta para la Ampliación de Estudios e Investigaciones Científicas. _95413 |
|
| 830 | 1 | 0 |
_aTrabajos del Museo Nacional de Ciencias Naturales y Jardín Botánico. _pSerie botánica _v29 _9189337 |
| 852 | 4 |
_aES-MaACL _jB-13143 |
|
| 999 |
_c174203 _d174203 |
||